| 000 | 00631cab a2200217 4500 | ||
|---|---|---|---|
| 001 | WB3502-22 | ||
| 008 | 090401t1999 xxu||||| |||| 00| 0 eng d | ||
| 035 | _a(Sirsi) u90699 | ||
| 041 | _aeng | ||
| 245 | _aRICS heads up the Urban Design Alliance 1999 | ||
| 260 | _c1999 | ||
| 350 | _a0 | ||
| 490 |
_aRICS Press Release _v(pr146) 13 January 1999, (2) |
||
| 520 | _aSimon Kolesar, the next RICS President has taken over as chairman of the Urban Design Alliance. | ||
| 650 | _aRICS | ||
| 650 | _aURBAN DESIGN ALLIANCE 1999 | ||
| 650 | _aURBAN DESIGN | ||
| 690 | _aURBAN REGENERATION | ||
| 942 | _n0 | ||
| 948 | _c14/01/1999 | ||
| 999 |
_c57516 _d57516 |
||